Statistics for 難読⁉︎本線路線名読みクイズ(ネタ)

Click here to take the quiz!

General Stats

  • This quiz has been taken 22 times
  • The average score is 5 of 5

Answer Stats

漢字読み% Correct
近鉄田原本線きんてつたわらもとせん
100%
石見交通川本線いわみこうつうかわもとせん
100%
京阪石山坂本線けいはんいしやまさかもとせん
95%
和歌山県道13号和歌山橋本線わかやまけんどうじゅうさんごうわかやまはしもとせん
95%
熊本市電上熊本線くまもとしでんかみくまもとせん
90%

Score Distribution

Percentile by Number Answered

Percent of People with Each Score

Your Score History

You have not taken this quiz